①北海道編 JR定期特急停車駅 - Statistics

General Stats
  • This quiz has been taken 619 times
  • The average score is 58 of 69
Answer Stats
駅名 備考 % Correct
旭川
100%
旭川
100%
旭川
100%
稚内 〇(全停車)
99%
札幌
99%
札幌
99%
札幌
99%
網走
97%
釧路
97%
函館
97%
東室蘭
96%
東室蘭
96%
帯広
95%
苫小牧
95%
室蘭
95%
岩見沢
94%
音威子府
93%
名寄
93%
滝川
93%
長万部
93%
93%
南稚内
92%
北見
92%
南千歳
92%
千歳 すずらんのみ停車
92%
南千歳
92%
新函館北斗
92%
新札幌
91%
新札幌
91%
五稜郭
90%
砂川 オホーツク・宗谷 通過あり
89%
深川
88%
新夕張 おおぞら 通過あり
88%
新得
88%
八雲
87%
大沼公園 通過あり
87%
トマム
86%
上川
85%
遠軽
85%
洞爺 通過あり
84%
豊富
83%
美唄 オホーツク・宗谷 通過あり
83%
登別 北斗 通過あり(すずらん停車)
83%
白老 北斗 通過あり(すずらん停車)
82%
伊達紋別
82%
士別
81%
追分 おおぞら 通過あり
80%
幌延
79%
天塩中川
79%
占冠 おおぞら 通過あり
78%
女満別
77%
池田
77%
白滝 大雪 通過あり
76%
沼ノ端 すずらんのみ停車
76%
留辺蘂
75%
美深
73%
白糠 通過あり
73%
十勝清水 おおぞら 通過あり
72%
芽室 おおぞら 通過あり
71%
和寒
70%
母恋
68%
丸瀬布 大雪 通過あり
61%
美幌
61%
生田原
55%
浦幌 通過あり
54%
幌別 すずらんのみ停車
54%
輪西
53%
鷲別 すずらんのみ停車
50%
御崎
40%
No matching quizzes found
Score Distribution
Percent of People with Each Score
Percentile by Number Answered
Your Score History
You have not taken this quiz